МЕТОДИКА определения оптовых цен на новые изделия горноспасательной техники (Запись № 5342313)

Подробности
000 -МАРКЕР
контрольное поле 01994nam0a22002771 4500
001 - ИДЕНТИФИКАТОР ЗАПИСИ
контрольное поле rc\248279
005 - ИДЕНТИФИКАТОР ВЕРСИИ
контрольное поле 20260407143002.0
035 ## - ДРУГИЕ СИСТЕМНЫЕ НОМЕРА
Идентификатор записи (NLR Aleph) 005504638
100 ## - ДАННЫЕ ОБЩЕЙ ОБРАБОТКИ
Данные общей обработки 20030307d1990 |||y0rusy50 ca
101 0# - ЯЗЫК РЕСУРСА
Язык текста, звукозаписи и т.д. русский
102 ## - СТРАНА ПУБЛИКАЦИИ ИЛИ ПРОИЗВОДСТВА
Страна публикации российская федерация
105 ## - ПОЛЕ КОДИРОВАННЫХ ДАННЫХ: ТЕКСТОВЫЕ МАТЕРИАЛЫ, МОНОГРАФИЧЕСКИЕ
Кодированные данные о монографическом текстовом документе y |||||||||
200 1# - ЗАГЛАВИЕ И СВЕДЕНИЯ ОБ ОТВЕТСТВЕННОСТИ
Основное заглавие МЕТОДИКА определения оптовых цен на новые изделия горноспасательной техники
Первые сведения об ответственности М-во угол. пром-сти СССР, Центр. штаб военизир. горноспасат. частей, ВНИИ горноспасат. дела
Последующие сведения об ответственности [Разраб. к. э. н. А.С. Авершиным]
210 ## - ПУБЛИКАЦИЯ, РАСПРОСТРАНЕНИЕ И ДР.
Место издания, распространения и т.д. Донецк
Имя издателя, распространителя и т. д. ВНИИГД
Дата издания, распространения и т.д. 1990
215 ## - ФИЗИЧЕСКАЯ ХАРАКТЕРИСТИКА
Специфическое обозначение материала и объем 67 с.
Размеры 20
300 ## - ОБЩИЕ ПРИМЕЧАНИЯ
Текст примечания Отрасл. доп. к "Методике определения оптовых цен на новую машиностроительную продукцию производственно-технического назначения", издания 1987 г.
320 ## - ПРИМЕЧАНИЯ О НАЛИЧИИ В ДОКУМЕНТЕ БИБЛИОГРАФИИ / УКАЗАТЕЛЯ
Текст примечания Библиогр.: с. 18
421 #0 - ПРИЛОЖЕНИЕ
Встроенное поле 2001#$aМетодика определения оптовых цен на новые изделия горноспасательной техники$fМ-во угол. пром-сти СССР, Центр. штаб военизир. горноспасат. частей, ВНИИ горноспасат. дела$g[Разраб. к. э. н. А.С. Авершиным]
-- 010$9150
-- 210##$aДонецк$cБ. и.$d1990
-- 215##$a66 с.
-- 899##$aNLR$j88-6/164
Заглавие Методика определения оптовых цен на новые изделия горноспасательной техники
702 #1 - ИМЯ ЛИЦА - ВТОРИЧНАЯ ОТВЕТСТВЕННОСТЬ
Начальный элемент ввода Авершин
Часть имени, кроме начального элемента ввода А.С.
Расширение инициалов личного имени Анатолий Семенович
Код отношения Прочие
712 02 - НАИМЕНОВАНИЕ ОРГАНИЗАЦИИ - ВТОРИЧНАЯ ОТВЕТСТВЕННОСТЬ
Начальный элемент ввода ВНИИ горноспасательного дела
Идентифицирующий признак Донецк
Идентификатор авторитетной/нормативной записи RU\NLR\AUTH\8810014296
Системный номер авторитетной/нормативной записи 526512
801 #0 - ИСТОЧНИК ЗАПИСИ
Страна российская федерация
Организация NLR
Правила каталогизации psbo
801 #1 - ИСТОЧНИК ЗАПИСИ
Страна российская федерация
Организация ELAR
Источник данных rusmarc
852 ## - МЕСТОНАХОЖДЕНИЕ И ШИФР ХРАНЕНИЯ
Идентификатор организации NLR
Шифр хранения (Call Number) 90-4/18227
942 ## - ДОПОЛНИТЕЛЬНЫЕ ЭЛЕМЕНТЫ ЗАПИСИ (АБИС)
Тип экземпляра АБИС Книга
980 ## - КОЛЛЕКЦИЯ
Название коллекции Национальная библиография
Экземпляры
Тип экземпляра Дата поступления Библиотека постоянного хранения Библиотека текущего хранения Место хранения Шифр хранения Штрих-код Статус не для выдачи
Книга 26.10.2013 РНБ (Московский) РНБ (Московский) Русский книжный фонд: издания с 1957 года, 9этаж 90-4/18227 5504638-10